La ciudad de la nueva economía /
محفوظ في:
| المؤلف الرئيسي: | |
|---|---|
| التنسيق: | نص |
| الموضوعات: | |
| الوسوم: |
إضافة وسم
لا توجد وسوم, كن أول من يضع وسما على هذه التسجيلة!
|
MARC
| LEADER | 00000 a a2200000 04500 | ||
|---|---|---|---|
| 001 | 45492 | ||
| 003 | |||
| 040 | |||
| 090 | |a REV0780 (38)2000 | ||
| 100 | |a Castells, Manuel | ||
| 245 | |a La ciudad de la nueva economía / |c Manuel Castells | ||
| 650 | |a CIUDADES | ||
| 650 | |a SOCIEDAD DE LA INFORMACION | ||
| 650 | |a ECONOMIA | ||
| 650 | |a INFORMACION | ||
| 650 | |a INTERNET | ||
| 773 | |g número38, V Epoca (2000), páginas 23-33 | ||
| 999 | |c 39206 |d 39206 | ||
